MDQL
is popping MORE tags! Check the
thread
!
Quizzes
Events
Quiz Creation
Community
Videos
Private Events
Remove Ads
Sign In
Join for FREE
Feedback
Dark Mode
Quiz Categories
Sports
Geography
Music
Movies
Television
Just For Fun
Miscellaneous
History
Literature
Language
Science
Gaming
Entertainment
Religion
Holiday
For Kids
Quiz Lab
Recent
Popular Today
Quiz Kudos Today
Editor Picks
Curator Picks
Quizzes by...
Day
Popularity
Type
Ratings
Length
Year
Community
Subscriptions
Recent Discussions
Orange Saloon
Badges
Playlists
Quests
Create
Leaderboards
Showdown
Live 5
Trivia Bingo
Activity
Puzzle Library
Sporcle Events
Private Events
Virtual Trivia
Globe League
Become a Host
Pub Owners
SporcleCon
Opinionation
Our Games
Videos
Blog
Mobile Apps
Partnerships
Remove Ads and Go Orange
Feedback
Sports
Athletes
MLB
NBA
NHL
NFL
Soccer
Sports Teams
WWE
NCAA
Football
Premier League
Basketball
Baseball
Hockey
Golf
Tennis
Cricket
Rugby
Auto Racing
Olympics
World Cup
Sports
Athletes
MLB
NBA
NHL
NFL
Soccer
Sports Teams
WWE
NCAA
Football
Premier League
Basketball
Baseball
Hockey
Golf
Tennis
Cricket
Rugby
Auto Racing
Olympics
World Cup
Random Quiz
Search Sporcle
×
Quiz Lab
Quiz Lab
Sports
Tennis
Select answers by clicking on text or image buttons
Select answers by clicking on text or image buttons
Clickable
Best Score? Go Orange.
12 to 1 Sports Stats
Can you pick the sports men and women from each branch of athletics?
By
ceciliacarlid
12m
78 Questions
5,559 Plays
5,559 Plays
5,559 Plays
Comments
Comments
Give Quiz Kudos
Give Quiz Kudos
-
- Ratings
hide this ad
Forced Order
Answers have to be entered in order
Answers have to be entered in order
Replay
Link that replays current quiz
Next Quiz
Link to next quiz in quiz playlist
You Got
0%
They Got
Avg Score
67%
Avg Friend Score
Upgrade to see
Score Distribution
Jump to the score distribution portion of the page
Score
0/78
Timer
12:00
0
Plays Today
% Correct
Cristiano Ronaldo
94.4%
Pelé
92.1%
Lionel Messi
91.5%
Usain Bolt
89.8%
Tiger Woods
89%
Michael Phelps
88.9%
Ronaldinho
88.7%
Roger Federer
88.5%
Michael Jordan
88.1%
Serena Williams
88.1%
Muhammad Ali
88%
Diego Maradona
87.3%
Mike Tyson
87.2%
LeBron James
87.1%
Rafael Nadal
86.8%
Kobe Bryant
86.2%
Magic Johnson
86.1%
Jesse Owens
84.4%
Babe Ruth
84.3%
Carl Lewis
84.1%
Neymar
83.6%
Pete Sampras
82.9%
Zinedine Zidane
82.8%
Billie Jean King
82%
Wayne Gretzky
81.8%
Björn Borg
81.4%
Novak Djokovic
81.3%
Steffi Graf
81%
Phil Mickelson
81%
Rory McIlroy
80.7%
Martina Navratilova
79.4%
Kareem Abdul-Jabbar
79.3%
Sugar Ray Robinson
76.3%
Mark Spitz
75.9%
Florence Griffith Joyner
74.8%
Lindsey Vonn
72.8%
Marion Jones
72.2%
Greg Norman
70.1%
Tyson Gay
69.2%
% Correct
Ian Thorpe
68.2%
Shelly-Ann Fraser-Pryce
67.1%
Alex Morgan
67%
George Best
65.6%
Bobby Orr
65%
Franz Beckenbauer
64.5%
Xavi Hernandez
63.3%
Annika Sörenstam
63%
Gordie Howe
61.4%
Wang Nan
61.3%
Bjørn Dæhlie
61.1%
Mike Trout
60.6%
Ingemar Stenmark
59.8%
Sidney Crosby
59.8%
Rickie Fowler
59.7%
Bryce Harper
58.6%
Clayton Kershaw
57.6%
Deng Yaping
57%
Anja Pärson
56.4%
Johan Cruyff
56.2%
Kjetil André Aamodt
54.7%
Alberto Tomba
53.2%
Marit Bjørgen
52.4%
Paula Radcliffe
49.3%
Janica Kostelić
47.5%
Sir Don Bradman
46.7%
Ashton Eaton
44.3%
Nancy Lopez
42.9%
Aleksandr Popov
41.6%
Gunde Svan
41.1%
Pieter van den Hoogenband
40.1%
Kristin Otto
36.6%
Petter Northug
36.6%
Paavo Nurmi
36.4%
Debbie Meyer
33.5%
Elena Delle Donne
29.5%
Krisztina Egerszegi
26.7%
Renaud Lavillenie
24.5%
Hilary Knight
16.8%
Quiz Playlist
Details
Report
Send in Message
Add To Playlist
Clickable:
Select answers by clicking on text or image buttons
Forced Order:
Answers have to be entered in order
Last Updated: Sep 9, 2017
Quiz Scoreboard
CHALLENGE
Sign Up to Join the Scoreboard
Show All
Scores
Hide
Comments
May contain spoilers
Recently Published
Colored Red Africa Blitz
by spor1
Geography
30s
Find the 'City' Movie
by crazypaving
Movies
60s
5x2 Blitz: Bands
by SL_Kpop136
Music
30s
More to Explore
Quiz From the Vault
Featured Blog Post
14 Easter Pick-up Lines to Find Eggs With
hide this ad
You Might Also Like...
Tags
Athletes Quiz
Baseball Quiz
Basketball Quiz
Football Quiz
Tennis Quiz
Athletics
Football Champions
Ice Hockey
Professional Golfers
Skiing Champions
Sports Champions
Swimming
Today's Top Quizzes in Sports
Browse Sports
hide this ad
Today's Top Quizzes in Tennis
Browse Tennis
Top Contributed Quizzes in Sports
1
Players with Multiple 50 Home Run Seasons
2
Criteria MLB: Left Handed Sluggers
3
MLB Players with Two .350 Batting Average Seasons
4
Who Hit More Homers?
5
Premier League Clubs since 2000 (minefield)
6
Who Needs Fielders?
7
2020 F1 Drivers Logic Puzzle
8
Les entraîneurs de l'OM et du PSG au 21e siècle
9
Top 10 NHL Goal Scorers of All Time
10
MLB Hall of Famer by Rings
Explore More
Trending Topics
NBA
Anime
Crossword
Marvel
Kpop
Harry Potter
Disney
Country
The Office
NFL
Pokémon
Song
Puzzle
WWE
Soccer
hide this ad
More By:
ceciliacarlid
Quiz
Plays
Rating
Category
Featured
Created
A-Z Flag Minefield
89,222
4.62
Geography
Aug 9, 2019
Click the Animated Characters A-Z
68,858
4.75
Entertainment
Oct 31, 2019
Click the Actors A-Z
64,646
4.54
Movies
Jul 30, 2019
Click the Musicians A-Z
62,792
4.62
Music
Jul 26, 2019
12 to 1 Songs by British Artists
50,418
4.54
Music
Mar 6, 2017
Go to Creator's Profile
Score Distribution
Quiz Creator Spotlight
ceciliacarlid
Follow
Send a Message
Quizzes Created
-
Created Quiz Play Count
-
More By This Creator
Popular Quizzes Today
1
Find the 'City' Movie
2
Colored Red Africa Blitz
3
5x2 Blitz: Bands
4
Find the US States - No Outlines Minefield
5
The Countries of the World
6
Find the US States
7
9x9 Crossword: Cartoon Network
8
US States
More Sports Quizzes
Big Five Top Scorers 1987-1988
Quiz Lab
Trending Quizzes
Colored Red Europe Blitz I
Colored Red Africa Blitz II
Colored Red Africa Blitz III
Colored Red Europe Blitz III
Colored Red Europe Blitz II
Recently Updated
Champions League XIs: Real Madrid
pecheneg
Largest US Cities 1790-2010
pecheneg
Rides in Walt Disney World
pecheneg
Most Oscar Losses (Acting)
pecheneg
Beyoncé Albums
pecheneg
Leaping Animals
pecheneg
Reality TV Shows (A-Z)
bhenderson79
Rickey Henderson's Hall of Fame Teammates
pecheneg
Champions League XIs: Arsenal
pecheneg
Quick Pick: Celebrities in WWE's Hall of Fame
aduchscher
Trending Topics
NBA
Harry Potter
Kpop
Disney
Anime
Crossword
Marvel
The Office
Soccer
Pokémon
Puzzle
WWE
Song
Country
NFL
Your Account Isn't Verified!
In order to create a playlist on Sporcle, you need to verify the email address you used during registration. Go to your
Sporcle Settings
to finish the process.
Report this User
Report this user for behavior that violates our
Community Guidelines
.
Details:
Send Report
Go to the Sporcle.com Mobile Site →
Comments